000
00287dam a22001097a 4500
999
_c
2971
_d
2971
008
190521e1990 cl ||||| |||| 00| 0 spa d
100
_a
Meneghello Rivera, Julio
_9
344
245
_a
Dialogos en Pediatria
250
_a
1a ed.
260
_a
Santiago [Chile]
_b
Mediterraneo
_c
1990
500
_a
Baja